| 000 | 00338nam a2200109Ia 4500 | ||
|---|---|---|---|
| 008 | 171211s9999 xx 000 0 und d | ||
| 245 | _aData Mining with R: Learning with Case Studies, Second Edition | ||
| 245 | _cLuis Torgo | ||
| 260 | _c2017 | ||
| 650 | _xINFORMATION TECHNOLOGIES | ||
| 856 | _uhttp://down.ebook777.com/064/1482234890.pdf | ||
| 999 |
_c349709 _d349709 |
||